000 00328nam a22001337a 4500
008 170131b xxu||||| |||| 00| 0 eng d
020 _a0914904647
041 _aeng
080 _a61
100 _a3
101 _aSHMI
245 _aTHE CHALLENGE OF ADMINISTERING HEALTH SERVICES: CAREER PATHWAYS
_cBELLIN, L.E
942 _2udc
_cBK
999 _c4048
_d4048